| 000 | 00594nam a2200217 i 4500 | ||
|---|---|---|---|
| 001 | bg | ||
| 100 | 1 | _aZABŁOCKA, Stanisława | |
| 245 | 1 | 0 |
_aJak wycenić przedsiębiorstwo / _cStanisława Zabłocka. |
| 260 |
_aGdańsk : _bOśrodek Doradztwa i Doskonalenia Kadr, _c1998. |
||
| 300 |
_a88 s. : _bwykr. ; _c24 cm. |
||
| 504 | _aBibliogr. s. 81-88. | ||
| 650 | 9 |
_aPrzedsiębiorstwo _xceny |
|
| 655 | _aPoradniki | ||
| 020 | _a8371870701 | ||
| 040 | _cBPK | ||
| 041 | 0 | _apl | |
| 080 | _a658.14/.17 | ||
| 920 | _a83-71870-70-1 | ||
| 942 | _cKS | ||
| 008 | s pl f |000 0 pol | ||
| 999 |
_c35831 _d35831 |
||
| 856 |
_uhttp://koha.tu.koszalin.pl/cgi-bin/koha/opac-detail.pl?biblionumber=35831 _yKatalog online BPK |
||